| 000 | 00968nam0a22002651 4500 | ||
|---|---|---|---|
| 001 | rc\2674881 | ||
| 005 | 20250623152840.0 | ||
| 035 | _a(NLR Aleph) 006803396 | ||
| 090 |
_a6267431 _c6267431 |
||
| 100 | _a20110915d1932 |||y0rusy50 ca | ||
| 101 | 0 | _arus | |
| 102 | _aRU | ||
| 105 | _aa j ||||| | ||
| 200 | 1 |
_aЮным ударникам _eУчебник по рус. яз. для III года обуч. в начальной школе... _fЗ. Ф. Махонова, Е. И. Покусаев |
|
| 210 |
_aСаратов _cН.-Волж. краев. изд-во _d1932 _gтип. № 2 Н.-В. крайполиграфтреста |
||
| 215 |
_aОбл., 102, [2] с. _cил. _d23х15 см. |
||
| 300 | _aНа обл. авторы не указаны | ||
| 700 | 1 |
_aМахонова _bЗ.Ф. |
|
| 701 | 1 |
_aПокусаев _bЕ.И. |
|
| 801 | 0 |
_aRU _bNLR _gpsbo |
|
| 801 | 1 |
_aRU _bELAR _2rusmarc |
|
| 852 |
_aNLR _j32-4/1658 |
||
| 942 | _cBOOK | ||
| 980 | _aNB | ||